Aventuras y desventuras de casiperro del hambre /

Guardado en:
Autor Principal: Montes, Graciela
Formato: Libro
Publicado: Buenos Aires : Colihue, 1998.
Materias:
Etiquetas: Agregar Etiqueta
Sin Etiquetas, Sea el primero en etiquetar este registro!
LEADER 01095nam a22002295a 4500
001 CEM.cems020543
008 231010s1998##################000#0#####d
005 20231010094254.0
245 1 0 |a Aventuras y desventuras de casiperro del hambre /  |c Graciela Montes. 
260 |a Buenos Aires :  |b Colihue,  |c 1998. 
300 |a 93 p. 
500 |a La novela cuenta la historia de Casiperro, un perro que nació en una camada de once cachorros. Siendo el último en nacer, Casiperro no podía tomar suficiente leche de su madre y siempre tenía hambre. A medida que crecía, Casiperro aprendió a sobrevivir cazando y robando comida. La historia sigue a Casiperro a lo largo de su vida, desde su infancia hasta su madurez, mientras se enfrenta a una serie de aventuras y desventuras. 
020 |a 9505812922 
100 1 |a Montes, Graciela 
082 0 4 |a A863.4 
653 |a Literatura 
653 |a Literatura argentina 
653 |a Novela argentina 
653 |a Novelas 
653 |a Literatura juvenil 
653 |a Novela juvenil 
859 |a CEMS  |b BIB. CEMS - Inicial y Primaria  |h A863.4  |i M764-1  |k IP  |p 6366  |t Ej.1